Nástroje riadenia zisku a ich prínosy v podnikateľskej praxi vedecká monografia

Bibliographic Details
Main Author: Teplická, Katarína, 1975- (Author)
Format: Book
Language:Slovak
PhysicalDescription:76 s. grafy, tab. 25 cm
Published: V Košiciach Technická univerzita, Fakulta BERG 2014
ISBN:9788055319551
Edition:1. vyd.
Subjects:

MARC

LEADER 00000nam a2200000 a 4500
001 vtls010694038
003 SK-MaSNL
005 20260301175525.0
008 240318s2014 xo da e n 000 0 slo
015 |a SNBA2015/08 
020 |a 9788055319551  |q (brož.) 
035 |a 735E932A-9945-42BE-AA7E-C42AA92BAF4A 
035 |a urn:nbn:sk:snk-amjzyp 
035 |a urn:nbn:sk:snk-am007zvl 
040 |a SNK  |b slo  |c SNK  |e AACR2 
041 0 |a slo 
044 |a xo  |c SK 
072 7 |a 658  |x Riadenie a správa podniku  |2 konspekt 
080 |a 658  |2 2001 
080 |a 658:657.47  |2 2001 
080 |a 330.143  |2 2001 
080 |a (048.8)  |2 2001 
100 1 |a Teplická, Katarína,  |d 1975-  |4 aut  |9 201051 
245 1 0 |a Nástroje riadenia zisku a ich prínosy v podnikateľskej praxi  |b vedecká monografia  |c Katarína Teplická 
250 |a 1. vyd. 
260 |a V Košiciach  |b Technická univerzita, Fakulta BERG  |c 2014 
300 |a 76 s.  |b grafy, tab.  |c 25 cm 
366 |e 100 výt. 
504 |a Bibliogr.: s. 75-76 
650 0 7 |a podnikový manažment  |2 SNKPH  |9 3483 
650 0 7 |a Industrial management  |2 SNKPHeng  |9 265455 
650 0 7 |a Cost Control  |2 SNKPHeng  |9 418856 
650 0 7 |a riadenie nákladov  |2 SNKPH  |9 418855 
650 0 7 |a zisk  |2 SNKPH  |9 13920 
650 0 7 |a Profit  |2 SNKPHeng  |9 353633 
655 7 |a monografie  |2 SNKPH  |9 70139 
655 7 |a Monographs  |2 SNKPHeng  |9 120675 
752 |a Slovensko  |d Košice 
919 |a 978-80-553-1955-1 
958 |a NB 
999 |c 843370  |d 845300 
952 |a SNK  |b SNK  |y PREZ  |7 0  |p 17A1168623  |o snkSC 165612  |i snk2015/22327  |8 0  |0 0  |1 0  |4 0  |d 2015-07-21  |f 1  |l 0  |r 2026-02-24 04:18:02  |w 2026-02-24 
952 |a SNK  |b SNK  |y VYP  |7 0  |p 17A1168667  |o snkSC 165612 D1  |i snk2015/22328  |8 0  |0 0  |1 0  |4 0  |d 2015-07-21  |l 0  |r 2026-02-24 04:18:02  |w 2026-02-24